World Landmarks - Picture Map Quiz - Statistics

General Stats
  • This quiz has been taken 454 times
    434 since last reset
  • The average score is 14 of 20
Answers on the Map
Answers color-coded by a green-red scale on the quiz's map according to % correct below.
 
Answer Stats
Answer % Correct
Christ the Redeemer
86%
Stonehenge
85%
Sydney Opera House
83%
Taj Mahal
82%
Sphinx
82%
Chichen Itza
80%
Masjid-Al-haram (Kaaba)
78%
Canale Grande, Venice
77%
Red Square, Moscow
76%
Machu Pichu
76%
Space Needle
71%
Sagrada Familia
71%
Niagara Falls
70%
Matterhorn
69%
Merlion
60%
Taipei 101
56%
Kilimanjaro
52%
Xhangjiajie
46%
Mt. Ararat
41%
Tokyo Skytree
28%
No matching quizzes found
Score Distribution
Percent of People with Each Score
Percentile by Number Answered
Your Score History
You have not taken this quiz since the last reset